000 00344nam a2200145Ia 4500
999 _c2880
_d2880
003 MAJU-Karachi
005 20210208145941.0
008 190902s9999||||xx |||||||||||||| ||und||
040 _cDLC
100 _aMorrisey,George L.
245 0 _aLoud and Clear
260 _aCalifornia,
_bAddison -Wesley
_c1997
300 _a201P.:
942 _cBK
_2ddc